000 00251nam a2200097Ia 4500
008 190216s9999||||xx |||||||||||||| ||und||
100 _aJather & Berin
245 0 _aElementary Principles Of Economics
260 _bOxford University Press
942 _cBK
999 _c9139
_d9139